000
00190 a2200097 4500
001
3512
100
_a
Haines, C.G
245
_a
Africa today
260
_a
_b
Hopkins
_c
090
_c
2778
_d
2778
942
_a
NUST-CAE
_c
M
_c
19757
999
_c
238585
_d
238585